| 000 | 004620000a22001810004500 | ||
|---|---|---|---|
| 020 | _a0-89191-161-8 | ||
| 041 | 0 | _aENG | |
| 082 | 0 | 4 | _aG 268.432 H448h |
| 100 | 1 | _aHeck, Glenn | |
| 245 | 1 | 0 | _aHow children learn / Glenn Heck, Marshall Shelley |
| 260 | _aElgin, ILL., USA : David C. Cook | ||
| 300 | _a63 Pag | ||
| 001 | 7932 | ||
| 942 | _cBK | ||
| 999 |
_c38132 _d38132 |
||
| 336 |
_atexto _btxt _2rdacontent |
||
| 337 |
_2rdamedia _asin mediación _bn |
||
| 338 |
_2rdacarrier _avolumen _bnc |
||